<?xml version="1.0" encoding="UTF-8"?>
<record
    xmlns:xsi="http://www.w3.org/2001/XMLSchema-instance"
    xsi:schemaLocation="http://www.loc.gov/MARC21/slim http://www.loc.gov/standards/marcxml/schema/MARC21slim.xsd"
    xmlns="http://www.loc.gov/MARC21/slim">

  <leader>01627nam a2200217   4500</leader>
  <controlfield tag="003">KOHA_M&#x130;RAKIL</controlfield>
  <controlfield tag="005">20260415070501.0</controlfield>
  <controlfield tag="008">260415b        tu ||||| |||| 00| 0 tur d</controlfield>
  <datafield tag="040" ind1=" " ind2=" ">
    <subfield code="a">TR-AnABB</subfield>
    <subfield code="b">tur</subfield>
    <subfield code="c">TR-AnABB</subfield>
  </datafield>
  <datafield tag="041" ind1=" " ind2=" ">
    <subfield code="a">tur</subfield>
  </datafield>
  <datafield tag="082" ind1=" " ind2=" ">
    <subfield code="a">338.9561</subfield>
    <subfield code="b">GAP 1987</subfield>
  </datafield>
  <datafield tag="100" ind1="1" ind2=" ">
    <subfield code="a">Alkin, Erdo&#x11F;an</subfield>
  </datafield>
  <datafield tag="245" ind1="1" ind2="0">
    <subfield code="a">GAP G&#xFC;ney Anadolu Projesi bilim ekibi teknik yaz&#x131;lar /</subfield>
    <subfield code="c">Erdo&#x11F;an Alkin, Tamer Arpac&#x131;, &#x130;brahim Atalay, Davut Ayd&#x131;n, Canan Balk&#x131;r, Erkan Benli, Ali Balaban, Nejat Erk, H&#xFC;sn&#xFC; Erkan, &#xD6;mer G&#xFC;celio&#x11F;lu, Can Hamamc&#x131;, Kenan Mortan, Tamer M&#xFC;ft&#xFC;o&#x11F;lu, Ayd&#x131;n U&#x11F;ur, Sunday &#xDC;ner</subfield>
  </datafield>
  <datafield tag="260" ind1=" " ind2=" ">
    <subfield code="a">Ankara : </subfield>
    <subfield code="b">B&#x130;AR,</subfield>
    <subfield code="c">1987</subfield>
  </datafield>
  <datafield tag="300" ind1=" " ind2=" ">
    <subfield code="a">149 sayfa : </subfield>
    <subfield code="b">tablo ; </subfield>
    <subfield code="c">24 cm</subfield>
  </datafield>
  <datafield tag="505" ind1=" " ind2=" ">
    <subfield code="a">&#x130;&#xE7;indekiler: Entegre b&#xF6;lge planlamas&#x131; (Eski&#x15F;ehir denemesi) teorik analiz - GAP &#xDC;retim potansiyelinin de&#x11F;erlendirmesinde pazarlaman&#x131;n rol&#xFC; - GAP alan&#x131;n&#x131;n do&#x11F;al g&#xF6;r&#xFC;n&#xFC;m&#xFC; - GAP'a fon ak&#x131;m yakla&#x15F;&#x131;m&#x131; - Uluslararas&#x131; ekonomik b&#xFC;t&#xFC;nle&#x15F;melerin ticaret etkilerini &#xF6;l&#xE7;me y&#xF6;ntemleri - GAP Sulamas&#x131; i&#xE7;in y&#xF6;netim modeli - GAP'&#x131;n ger&#xE7;ekle&#x15F;me sonras&#x131; de&#x11F;erlendirmesinin ta&#x15F;&#x131;d&#x131;&#x11F;&#x131; g&#xFC;&#xE7;l&#xFC;kler - GAP'a entegre planlama yakla&#x15F;&#x131;m&#x131; - GAP i&#xE7;in b&#xF6;lgesel Input-output model denemesi - B&#xF6;lgesel geli&#x15F;me ve y&#xF6;netsel sorunlar - Do&#x11F;u ve G&#xFC;ney Do&#x11F;u Anadolu b&#xF6;lgesinde sosyo-ekonomik davran&#x131;&#x15F;lar - Klasik ekonomide kurulu&#x15F; yeni teorileri - Planlama ve geli&#x15F;en teknolojiler kar&#x15F;&#x131;s&#x131;nda ileti&#x15F;im sekt&#xF6;r&#xFC; - &#x130;&#xE7; g&#xF6;&#xE7;ler kentle&#x15F;me ve politikalar</subfield>
  </datafield>
  <datafield tag="650" ind1="0" ind2="4">
    <subfield code="a">Ekonomik politika, T&#xFC;rkiye</subfield>
  </datafield>
  <datafield tag="650" ind1="0" ind2="4">
    <subfield code="a">Ekonomik politika</subfield>
  </datafield>
  <datafield tag="650" ind1="0" ind2="4">
    <subfield code="a">B&#xF6;lgesel kalk&#x131;nma</subfield>
  </datafield>
  <datafield tag="942" ind1=" " ind2=" ">
    <subfield code="2">ddc</subfield>
    <subfield code="c">BK</subfield>
  </datafield>
  <datafield tag="952" ind1=" " ind2=" ">
    <subfield code="0">0</subfield>
    <subfield code="1">0</subfield>
    <subfield code="2">ddc</subfield>
    <subfield code="7">0</subfield>
    <subfield code="a">RUK</subfield>
    <subfield code="b">RUK</subfield>
    <subfield code="d">2026-04-15</subfield>
    <subfield code="l">0</subfield>
    <subfield code="o">338.9561 GAP 1987</subfield>
    <subfield code="p">RK7081</subfield>
    <subfield code="r">2026-04-15 07:05:22</subfield>
    <subfield code="w">2026-04-15</subfield>
    <subfield code="y">BK</subfield>
  </datafield>
  <datafield tag="999" ind1=" " ind2=" ">
    <subfield code="c">10240</subfield>
    <subfield code="d">10240</subfield>
  </datafield>
  <datafield tag="900" ind1=" " ind2=" ">
    <subfield code="b">Can &#xC7;ELIK</subfield>
  </datafield>
</record>
